000 00700nam a2200133Ia 4500
008 171212s9999 xx 000 0 und d
020 _a9780833044587
100 _aBensahel, Nora;Oliker, Olga;Crane, Keith;Brennan, Richard R. Jr.;Gregg, Heather S.
245 _cBensahel, Nora;Oliker, Olga;Crane, Keith;Brennan, Richard R. Jr.;Gregg, Heather S.
_aAfter Saddam
_bPrewar Planning and the Occupation of Iraq
260 _bRAND Corporation
_c2008
650 _aIraq War, 2003; Military planning -- United States; Postwar reconstruction -- Iraq; Coalition Provisional Authority; Insurgency -- Iraq; National security -- Iraq
650 _aPolitical Science
856 _uwww.jstor.org/stable/10.7249/mg642a
999 _c351688
_d351688